| 000 | 00546nam a2200205 a 4500 | ||
|---|---|---|---|
| 001 | 20032 | ||
| 003 | CO-ViMGA | ||
| 008 | 141112s2004 ck r 000 u spa d | ||
| 020 | _a8420464422 | ||
| 040 |
_aCO-ViMGA _bspa _cCO-ViMGA |
||
| 082 | 0 | 4 | _a813.5 T953c |
| 100 | 1 |
_aTyler, Anne _929075 |
|
| 245 | 1 | 0 | _aCuando eramos mayores |
| 260 |
_aMadrid : _bAlfaguara, _c2002 |
||
| 300 | _a362 p. | ||
| 590 | _aForma de adquisición : Premio Mincultura | ||
| 650 | 1 | 4 |
_aNOVELA ESTADOUNIDENSE _9761 |
| 650 | 1 | 4 |
_aVEJEZ - NOVELA _929076 |
| 942 |
_2ddc _cBK |
||
| 999 |
_c29148 _d29148 |
||